| 000 | 01011nam a2200181 a 4500 | ||
|---|---|---|---|
| 008 | 100209s1983 ||||||||||||||||| || u | ||
| 050 | _aGOV.ZAM.W6(058) | ||
| 110 | _aGovernment of the Republic of Zambia. Ministry of Works and Supply | ||
| 245 | 1 | 0 | _aMinistry of works and supply buildings department: annual report 1982 |
| 260 |
_aLusaka: _bGovernment Printer _c1983 |
||
| 350 | _a0.00 | ||
| 500 | _aHoldings 1978; 1979; 1982 | ||
| 650 | _aREPORTS | ||
| 650 | _aWORKS AND MAINTENANCE--ZAMBIA | ||
| 995 |
_aSPECIAL COLLECTIONS _D0.00 _e03005822 _FCBU-MAIN LIBRARY (Kitwe) _H1 _I0.00 _jGOV.ZAM.W6(058)BD/1983 _M1982 _UAVAILABLE _WFeb 9, 2010 _yZ03005822 _ZZambiana Collection |
||
| 995 |
_aSPECIAL COLLECTIONS _D0.00 _e03005823 _FCBU-MAIN LIBRARY (Kitwe) _H1 _I0.00 _jGOV.ZAM.W6(058)BD/1980 _M1978 _UAVAILABLE _WFeb 9, 2010 _yZ03005823 _ZZambiana Collection |
||
| 995 |
_aSPECIAL COLLECTIONS _D0.00 _e03005825 _FCBU-MAIN LIBRARY (Kitwe) _H1 _I0.00 _jGOV.ZAM.W6(058)BD/1981 _M1979 _UAVAILABLE _WFeb 9, 2010 _yZ03005825 _ZZambiana Collection |
||
| 999 |
_c77693 _d77693 |
||